00696nam a2200157Ia 4500999001500000003000400015008004100019100001800060245004500078260004600123300000900169650001500178942001600193952016500209952016400374 c5859d5859OSt191201s2013 xx 000 0 und d aRAMAMRUTHAM,S 0aDesign of Reinforced Concrete Structures aN. delhibDhanpat Rai Pubns (P) Ltdc2013 a1584 aB.Tech(CE) 2ddccBK013 00102ddc40708BTECHCEaPIETbPIETd2014-03-19eIBH, New Delhig740.00k22960l11o624.183 RADp23718r2025-12-08 00:00:00s2025-12-05v568.32w2014-03-12yBK 00102ddc40708BTECHCEaPIETbPIETd2014-03-19eIBH, New Delhig740.00k22960l5o624.183 RADp23719r2023-10-16 00:00:00s2023-10-10v568.32w2014-03-12yBK